000 00512nam a2200193Ia 4500
008 240510s9999 xx 000 0 und d
020 _a0003540420711
041 _aEng
082 _a006.3
082 _bA67
100 _aCampbell, J.A. (et-al)
245 0 _aArtificial intelligence and symbolic computation :Lecture notes in artificial intelligence :Papers
260 _bSpringer: Tokyo
260 _c2000
300 _a252 p.
650 _aartificial intelligence :
942 _2ddc
942 _cLBK
999 _c27422
_d27422
945 _a1
_bMadushi Gamage
_c1
_dMadushi Gamage